Largest cities in the Democratic Republic of the Congo - Statistics

General Stats
  • This quiz has been taken 860 times
  • The average score is 4 of 10
Answer Stats
Population City % Correct
7,785,965 Kinshasa
99%
1,373,770 Lubumbashi
73%
874,761 Mbuji-Mayi
54%
539,158 Kisangani
51%
1,000,000 Goma
47%
463,546 Kananga
38%
418,000 Kolwezi
18%
422,414 Likasi
18%
267,462 Tshikapa
13%
485,167 Masina
8%
No matching quizzes found
Score Distribution
Percent of People with Each Score
Percentile by Number Answered
Your Score History
You have not taken this quiz